Torhüter deutsche Nationalmannschaft (seit 1990) - Statistiken

Allgemein
  • Dieses Quiz wurde 1.437 mal gespielt
    897 seit der letzten Aktualisierung
  • Das Durchschnittsergebnis liegt bei 14 aus 20
Antwortstatistiken
Zeitraum Einsätze Spieler % Korrekt
2009-2024 118 Manuel Neuer
100%
2012-2024 42 Marc-André ter Stegen
98%
1995-2006 86 Oliver Kahn
98%
2024-2025 3 Oliver Baumann
93%
1998-2008 61 Jens Lehmann
91%
2024 2 Alex Nübel
83%
2017-2023 9 Kevin Trapp
79%
2013-2015 5 Roman Weidenfeller
79%
2016-2021 9 Bernd Leno
76%
2011-2015 6 Ron-Robert Zieler
73%
2008-2013 12 René Adler
69%
2007-2009 8 Robert Enke
68%
2000-2010 4 Hans Jörg Butt
60%
2008-2012 6 Tim Wiese
57%
1990-1998 59 Andreas Köpke
55%
2004-2007 7 Timo Hildebrand
52%
1987-1994 54 Bodo Illgner
46%
2002-2003 4 Frank Rost
40%
1996 1 Oliver Reck
33%
1989-1990 4 Raimond Aumann
24%
Keine übereinstimmenden Quizze gefunden
Verteilung der Resultate
Anzahl Personen mit jedem Resultat
Perzentil nach korrekt beantworteten Fragen
Ihre Resultats-Entwicklung
Sie haben dieses Quiz seit der letzten Aktualisierung nicht gespielt